000 00448nam a2200181Ia 4500
001 14211
005 20260306164857.0
008 260306t1977||||xx |||||||||||||| ||spa||
041 _aESP
082 _a510.0711
_bM27
100 _aMason, Robert D.
_eAUT
245 0 _aMatemática aplicada:
_bal comercio y a la economía
260 _c1977
300 _a204 páginas :
_c26 cm.
650 _aGEN
654 _aCMA
942 _cLIB
_dJUS
_fJUS
_2ddc
_n
999 _c14211
_d14211